=LDR 00000nam 2200000 4500 =001 INLIS000000000039735 =005 20130612145339 =008 ***********************************Ind** =035 ##$$0010-061300000039735 =041 ##$$a Ind =082 ##$$a 641.2 =090 ##$$a 641.2, Muc t.1 =100 ##$$a Prof.Dr.Ir.Deddy Muchtadi,M.S =245 ##$$a Teknik Evaluasi Nilai Gizi Protein =260 ##$$a 2010 $b lfabeta =300 ##$$a iv,189 hlm, 24 cm =850 ##$$a NBPNMAT